Communauté et société catégories fondamentales de la sociologie pure : Presses universitaires de France
محفوظ في:
| المؤلف الرئيسي: | |
|---|---|
| التنسيق: | كتاب |
| اللغة: | Undetermined |
| منشور في: |
Paris
Presses universitaires de France
1944
|
| الموضوعات: | |
| الوسوم: |
إضافة وسم
لا توجد وسوم, كن أول من يضع وسما على هذه التسجيلة!
|
| Thư viện lưu trữ: | Trung tâm Học liệu Trường Đại học Cần Thơ |
|---|
| LEADER | 00582nam a2200193Ia 4500 | ||
|---|---|---|---|
| 001 | CTU_91334 | ||
| 008 | 210402s9999 xx 000 0 und d | ||
| 082 | |a 301 | ||
| 082 | |b T666 | ||
| 100 | |a Tönnies, Ferdinand | ||
| 245 | 0 | |a Communauté et société catégories fondamentales de la sociologie pure : | |
| 245 | 0 | |b Presses universitaires de France | |
| 245 | 0 | |c Ferdinand Tönnies | |
| 260 | |a Paris | ||
| 260 | |b Presses universitaires de France | ||
| 260 | |c 1944 | ||
| 650 | |a Sociology | ||
| 904 | |i Năm | ||
| 980 | |a Trung tâm Học liệu Trường Đại học Cần Thơ | ||